header

Professional SQL server 2000 DTS (Record no. 105775)

MARC details
000 -LEADER
fixed length control field 01334nam a22003494a 4500
082 04 - DEWEY DECIMAL CLASSIFICATION NUMBER
Classification number 005.75/85
100 1# - MAIN ENTRY--AUTHOR NAME
Personal name Chaffin, Mark.
245 10 - TITLE STATEMENT
Title Professional SQL server 2000 DTS
260 ## - PUBLICATION, DISTRIBUTION, ETC. (IMPRINT)
Place of publication Indianapolis, IN :
Name of publisher Wrox,
Year of publication c2003.
300 ## - PHYSICAL DESCRIPTION
Number of Pages xvii, 855 p. :
Other physical details ill.
500 ## - GENERAL NOTE
General note "Programmer to programmer"-- Cover p. [1].
General note Includes index.
650 #0 - SUBJECT ADDED ENTRY--TOPICAL TERM
Topical Term Database management.
Topical Term Data transmission systems.
700 1# - ADDED ENTRY--PERSONAL NAME
Personal name Knight, Brian,
Personal name Robinson, Todd.
856 40 - ELECTRONIC LOCATION AND ACCESS
Uniform Resource Identifier http://site.ebrary.com/lib/rucke/Doc?id=10114241

No items available.

© 2026 Rongo University
Contact us: librarian | system librarian | Rongo university